000 01793nam a22002537a 4500
003 NALT
005 20210803140804.0
008 s2543 th tha d
040 _aNALT
041 _atha
090 _aว HD9685 ย484ท 2543
245 1 0 _aการสัมมนาเรื่อง "ต้นทุนค่าไฟฟ้า : อุปสรรคการฟื้นตัวของเศรษฐกิจไทย" : ข้อมูลและทัศนะจากผู้เชี่ยวชาญด้านเศรษฐกิจและพลังงานของประเทศ
260 3 _aกรุงเทพฯ :
_bฝ่ายประชาสัมพันธ์ บริษัท ยูเนี่ยนเพาเวอร์ ดิเวลลอปเมนท์,
_c2543
300 _a30 หน้า ;
_b 30 ซม.
610 _aบริษัท ยูเนี่ยน เพาเวอร์ ดีเวลลอปเมนท์ จำกัด
650 0 4 _aการใช้พลังงาน -- ข่าว -- วิจัย
650 0 4 _aการใช้พลังงานไฟฟ้า -- ข่าว -- วิจัย
650 0 4 _aโครงการประการังเทียม -- วิจัย
650 0 4 _aโรงไฟฟ้าหินกรูด -- วิจัย
650 0 4 _aโรงไฟฟ้าหินกรูด -- วิจัยโครงการประการังเทียม -- วิจัยการใช้พลังงานไฟฟ้า -- ข่าว -- วิจัยการใช้พลังงาน -- ข่าว -- วิจัย
850 _aNALT
942 _cRSH
_2lcc
998 _bSUKUNYA
_j109
_k อารีรัตน์ วิชาช่าง
999 _c30297
_d30297